La memoria y el lenguaje

Tallennettuna:
Bibliografiset tiedot
Päätekijä: Kekenbosch, Christiane (Tekijä)
Aineistotyyppi: Kirja
Kieli:espanja
Julkaistu: Madrid Biblioteca Nueva 1996
Sarja:Psicología, 128
Aiheet:
Tagit: Lisää tagi
Ei tageja, Lisää ensimmäinen tagi!

MARC

LEADER 00000nam a2200000 a 4500
001 UCK3238
003 CL-VaPUC
008 050415e19960000SP |||||||||||||||||spa|d
020 |a 8470304046 
082 0 4 |a 153.1  |b KEK  |2 21 
100 0 |a Kekenbosch, Christiane  |e author  |9 491297 
245 1 3 |a La memoria y el lenguaje 
300 |a 127 p 
942 |c BK 
945 |d 20050415 00:00:00  |a jcarroza 
260 |a Madrid  |b Biblioteca Nueva  |c 1996 
650 0 |a Memoria  |9 266549 
650 0 |a Lenguaje   |9 265069 
650 0 |a Cognición   |9 270347 
583 |a last modification  |c 20050415 00:00:00  |k Rodrigo Vera 
490 0 |a Psicología, 128 
999 |c 312499  |d 312497 
952 |0 0  |1 0  |4 0  |6 153_100000000000000_KEK_1996  |7 0  |8 A  |9 382908  |a BIBEDU  |b BIBEDU  |d 2019-11-21  |i 4113098  |o 153.1 KEK 1996  |p 4113098  |r 2019-11-21  |w 2019-11-21  |y BK  |k LIT